「め」から始まる駅 - Statistics

General Stats
  • This quiz has been taken 28 times
  • The average score is 11 of 29
Answer Stats
Hint Answer % Correct
東京 目黒
92%
東京 目白
88%
東京 明大前
72%
愛知 名鉄一宮
64%
岐阜 名鉄岐阜
64%
愛知 名鉄名古屋
64%
北海道 芽室
56%
東京 明治神宮前
44%
北海道 女満別
44%
愛知 名城公園
40%
東京 めじろ台
40%
愛知 名電赤坂
36%
岐阜 名電各務原
36%
愛知 名電山中
36%
北海道 目名
36%
愛知 名電長沢
32%
青森 目時
32%
山形 女鹿
28%
兵庫 妻鹿
28%
佐賀 夫婦石
24%
石川 免田
24%
福岡 姪浜
20%
山口 目出
20%
兵庫 売布神社
20%
石川 明峰
16%
神奈川 目白山下
16%
長崎 メディカルセンター
16%
長崎 めがね橋
12%
北海道 恵み野
8%
No matching quizzes found
Score Distribution
Percent of People with Each Score
Percentile by Number Answered
Your Score History
You have not taken this quiz